000 00769nam a2200229Ia 4500
003 GCL
008 140319s9999 xx 000 0 ara d
040 _aGCL /
_cGCL
082 0 4 _a189.1
_bع ن
100 1 _aعبدالقادر فيدوح
245 1 0 _aنظرية التاويل فى الفلسفة العربية الاسلامية /
_cعبدالقادر فيدوح
250 _aالاولى
260 _aسوريا :
_bالاوائل للنشر والتوزيع ،
_c2005
300 _a216 ص ؛
_c24 سم
650 0 4 _aالفلسفة الاسلامية
650 0 4 _aالجدل
650 0 4 _aالوجود
650 0 4 _aالتأويل
650 0 4 _aالتأويل عند الشيعة
650 0 4 _aالتأويل عند الصوفية
942 _2ddc
_cBK
999 _c8506
_d8506